Tailor-made housing (Record no. 84575)
[ view plain ]
| 000 -LEADER | |
|---|---|
| fixed length control field | 00930cab a22002415a 4500 |
| 001 - CONTROL NUMBER | |
| control field | L158371 |
| 008 - FIXED-LENGTH DATA ELEMENTS--GENERAL INFORMATION | |
| fixed length control field | 150123e1961 xxk 000 0 eng d |
| 035 ## - SYSTEM CONTROL NUMBER | |
| System control number | (Sirsi) u158371 |
| 041 0# - LANGUAGE CODE | |
| Language code of text/sound track or separate title | eng |
| 100 1# - MAIN ENTRY--PERSONAL NAME | |
| Personal name | Barclay, Irene |
| 245 00 - TITLE STATEMENT | |
| Title | Tailor-made housing |
| 260 ## - PUBLICATION, DISTRIBUTION, ETC. | |
| Date of publication, distribution, etc. | 1961 |
| 490 ## - SERIES STATEMENT | |
| Series statement | The Chartered Surveyor |
| Volume/sequential designation | 94(2) August 1961, 90-92(3) |
| 520 ## - SUMMARY, ETC. | |
| Summary, etc. | Highlights the experiences of Irene Barclay, the first female chartered surveyor in her professional capacity of a housing manager working for the St Pancras Housing Association dealing with applications for accommodation and the problems of the shortages of suitable accommodation available at the end of the 1950s and early 1960s. |
| 590 ## - LOCAL NOTE (RLIN) | |
| Local note | KA |
| 650 24 - SUBJECT ADDED ENTRY--TOPICAL TERM | |
| Topical term or geographic name entry element | IRENE BARCLAY |
| 650 24 - SUBJECT ADDED ENTRY--TOPICAL TERM | |
| Topical term or geographic name entry element | WOMEN SURVEYORS |
| 650 24 - SUBJECT ADDED ENTRY--TOPICAL TERM | |
| Topical term or geographic name entry element | ST PANCRAS HOUSING ASSOCIATION |
| 650 24 - SUBJECT ADDED ENTRY--TOPICAL TERM | |
| Topical term or geographic name entry element | HOUSING MANAGERS |
| 651 #4 - SUBJECT ADDED ENTRY--GEOGRAPHIC NAME | |
| Geographic name | London |
| 690 ## - LOCAL SUBJECT ADDED ENTRY--TOPICAL TERM (OCLC, RLIN) | |
| Topical term or geographic name as entry element | Residential property |
| 9 (RLIN) | 6266 |
| 942 ## - ADDED ENTRY ELEMENTS (KOHA) | |
| Suppress in OPAC | 0 |
| Withdrawn status | Lost status | Source of classification or shelving scheme | Damaged status | Not for loan | Home library | Current library | Shelving location | Date acquired | Total Checkouts | Full call number | Barcode | Date last seen | Copy number | Price effective from | Koha item type |
|---|---|---|---|---|---|---|---|---|---|---|---|---|---|---|---|
| Dewey Decimal Classification | London | London | Journal article | 23/01/2015 | L158371 | 158371-1001 | 06/08/2019 | 1 | 06/08/2019 | Journal article |